Countries that Have Never Been Neighbours with the Former British Empire - Statistics

General Stats
  • This quiz has been taken 157 times
  • The average score is 35 of 60
Answer Stats
Answer % Correct
Sweden
83%
Finland
82%
Norway
81%
Chile
78%
Latvia
77%
Estonia
76%
Lithuania
76%
Serbia
76%
Argentina
73%
Panama
73%
San Marino
70%
Ukraine
70%
Vatican City
70%
Bosnia and Herzegovina
69%
Peru
69%
Slovenia
69%
Colombia
68%
Croatia
68%
Haiti
68%
Liechtenstein
68%
Uruguay
68%
Dominican Republic
67%
Hungary
67%
Paraguay
67%
Romania
67%
Bolivia
66%
Ecuador
66%
Iceland
65%
Slovakia
65%
Japan
64%
Belarus
63%
Cuba
63%
Italy
63%
Moldova
63%
Montenegro
63%
Kosovo
62%
Monaco
61%
South Korea
59%
Georgia
53%
Armenia
49%
Azerbaijan
48%
Morocco
48%
Taiwan
48%
Algeria
47%
Mali
47%
Turkmenistan
44%
Palau
43%
Tunisia
43%
Uzbekistan
43%
Philippines
40%
Fed. States of Micronesia
39%
Madagascar
38%
São Tomé and Principe
38%
Cape Verde
36%
Comoros
35%
Marshall Islands
35%
Mauritania
35%
East Timor
33%
Cambodia
29%
Guinea-Bissau
18%
No matching quizzes found
Score Distribution
Percent of People with Each Score
Percentile by Number Answered
Your Score History
You have not taken this quiz